| 000 | 00909nam a22002657a 4500 | ||
|---|---|---|---|
| 942 | _cBK | ||
| 999 |
_c782 _d782 |
||
| 005 | 20250420134825.0 | ||
| 008 | 211118b ||||| |||| 00| 0 eng d | ||
| 020 | _a9781009031479 | ||
| 040 | _cKCST | ||
| 082 |
_a428.34 _bOs Un |
||
| 100 |
_aOstrowska, Sabina _95426 |
||
| 245 |
_aUnlock: _blistening, speaking & critical thinking, [Level 3], student's book / _cSabina Ostrowska; Nancy Jordan; Chris Sowton; Jennifer Farmer; Janet Gokay |
||
| 250 | _a2 | ||
| 260 |
_aCambridge: _bCambridge University Press; _c2019. |
||
| 300 | _a223 p. | ||
| 521 | _aB1 English Profile. | ||
| 650 |
_aEnglish language _vTextbooks for foreign speakers. _94734 |
||
| 650 |
_aEnglish language _vSpoken English _vTextbooks for foreign speakers. _95600 |
||
| 700 |
_aJordan, Nancy _95607 |
||
| 700 |
_aSowton, Chris _95143 |
||
| 700 |
_aFarmer, Jennifer _95608 |
||
| 700 |
_aGokay, Janet _95606 |
||
| 942 | _2ddc | ||